000 00308nam a2200133Ia 4500
008 191201s2010 xx 000 0 und d
082 _a658.007
_bMUR
100 _aMUSTAFA,A
245 0 _aResearch Methodology
260 _aN. delhi
_bAITBS Pub.
_c2010
300 _a251
650 _aBBA
942 _2ddc
_cBK
_01
999 _c4903
_d4903